|
|
|
|
| LEADER |
00000nam0a2200000 4500 |
| 001 |
165338 |
| 005 |
20231031161712.0 |
| 010 |
|
|
|a 5120008860
|
| 035 |
|
|
|a (RuTPU)RU\TPU\book\179362
|
| 090 |
|
|
|a 165338
|
| 100 |
|
|
|a 20090917d1991 m y0rusy50 ca
|
| 101 |
0 |
|
|a rus
|
| 102 |
|
|
|a UA
|
| 105 |
|
|
|a a z 001zy
|
| 200 |
1 |
|
|a Центробежное литье под флюсом
|f А. И. Шевченко
|g Академия наук Украинской ССР (АН УССР), Институт проблем литья
|
| 210 |
|
|
|a Киев
|c Наука думка
|d 1991
|
| 215 |
|
|
|a 192 с.
|c ил.
|
| 320 |
|
|
|a Библиогр.: с. 181-189.
|
| 610 |
1 |
|
|a литье
|
| 610 |
1 |
|
|a центробежное литье
|
| 610 |
1 |
|
|a теория
|
| 610 |
1 |
|
|a практика
|
| 610 |
1 |
|
|a литой металл
|
| 610 |
1 |
|
|a отливки
|
| 675 |
|
|
|a 621.74.042
|v 3
|
| 700 |
|
1 |
|a Шевченко
|b А. И.
|g Авксентий Иванович
|
| 712 |
0 |
2 |
|a Академия наук Украинской ССР (АН УССР)
|b Институт проблем литья
|2 stltpush
|3 (RuTPU)RU\TPU\col\11734
|
| 801 |
|
1 |
|a RU
|b 63413507
|c 20090917
|
| 801 |
|
2 |
|a RU
|b 63413507
|c 20100907
|g RCR
|
| 942 |
|
|
|c BK
|